| 000 | 01193pam a2200313 a 4500 | ||
|---|---|---|---|
| 001 | 1537 | ||
| 003 | BD-RjUL | ||
| 005 | 20211208233344.0 | ||
| 008 | 131208s1992 caua 100 0 eng d | ||
| 020 | _a0803938071 (cl) | ||
| 020 | _a080393808X (pb) | ||
| 035 | _a(BD-RjUL)1562 | ||
| 040 |
_aDLC _cDLC _dDLC _dBD-RjUL _beng |
||
| 041 | _aeng | ||
| 082 | 0 | 0 |
_a155.072 _220 _bSTA |
| 245 | 0 | 0 |
_aStability and change in development : _ba study of methodological reasoning / _cedited by Jens B. Asendorpf, Jaan Valsiner. |
| 260 |
_aNewbury Park : _bSage, _cc1992. |
||
| 300 |
_axxii, 264 p. : _bill. ; _c22 cm. |
||
| 500 | _aBased on a conference held in the Benedictine Convent of Bernried, F.R.G., in July 1989. | ||
| 504 | _aIncludes bibliographical references. | ||
| 650 | 0 |
_aDevelopmental psychology _xMethodology _xCongresses. _95078 |
|
| 700 | 1 |
_aAsendorpf, Jens. _95079 |
|
| 700 | 1 |
_aValsiner, Jaan. _95080 |
|
| 856 | 4 | 2 |
_3Publisher description _uhttp://www.loc.gov/catdir/enhancements/fy0655/91030890-d.html |
| 856 | 4 | 1 |
_3Table of contents only _uhttp://www.loc.gov/catdir/enhancements/fy0655/91030890-t.html |
| 942 |
_2ddc _cBK |
||
| 999 |
_c1537 _d1537 |
||